000 00508nam a2200205Ia 4500
003 OSt
005 20220924143123.0
006 a|||||r|||| 00| 0
007 ta
008 220923b |||||||| |||| 00| 0 urd d
024 _a306761
037 _cTextual
040 _aARTS
_cARTS
_burd
041 _2urd
_aurd
082 _aC(P111:4)k, 168H0
245 0 _aFarhang -e- istelahat -e- ilmiyah
260 _c1940
942 _hC(P111:4)k, 168H0
_cTEXL
_2CC
999 _c453233
_d453233